Autorzy najwarzniejszych lektur do matury - Statystyki

Ogólne statystyki
  • Ten quiz został rozwiązany 59 razy
  • Średni wynik to 6 z 7
Statystyki odpowiedzi
Hint Odpowiedź % Poprawnych
Dziady Adam Mickiewicz
98%
Lalka Bolesław Prus
93%
Balladyna Juliusz Słowacki
89%
Wesele Stanisław Wyspiański
81%
Zbrodnia i Kara Fiodor Dostojewski
75%
Rok !984 George Orwell
65%
Mały Książe Antoine de Saint-Exupery
58%
Nie znaleziono quizów pasujących do podanych kryteriów
Rozkład punktacji
Procent ludzi z każdym wynikiem
Percentyl według liczby udzielonych odpowiedzi
Twoja historia wyników
Nie rozwiązałeś tego quizu